|
|
|
|
| LEADER |
00000njm a2200000 a 4500 |
| 001 |
vtls009474726 |
| 003 |
SK-MaSNL |
| 005 |
20260301211146.0 |
| 007 |
sd fsngnnmmned |
| 008 |
090219s2008 xo ppnugs u slo |
| 015 |
|
|
|a SNBJ2009/03-00776
|
| 028 |
2 |
2 |
|a 91 2800-2
|b Opus
|
| 040 |
|
|
|a SNK
|b slo
|c SNK
|e AACR2
|
| 041 |
0 |
|
|a slo
|
| 044 |
|
|
|a xo
|c SK
|
| 072 |
|
7 |
|a 784
|x Vokálna hudba
|2 konspekt
|
| 080 |
|
|
|a 784.4
|2 2001
|
| 080 |
|
|
|a (086.76)
|2 2001
|
| 245 |
0 |
0 |
|a Hity Bratislavskej lýry
|h zvukový dokument
|
| 260 |
|
|
|a Bratislava
|b Opus
|c 2008
|
| 300 |
|
|
|a 1 zvuková platňa (56:20)
|b digital, stereo
|c 12 cm
|
| 490 |
1 |
|
|a Gold
|
| 500 |
|
|
|a Obsahuje 15 piesní
|
| 505 |
0 |
|
|a Mám rozprávkový dom -- Úsmev -- Vyznanie -- Biely kvet -- Kaskadér -- Pár nôt -- Dnes už viem -- Slová -- Nechodí -- Umenie žiť -- Spútaná láskou -- Kristínka iba spí -- Študentská láska -- Zem pamätá -- Neviem byť sám
|
| 511 |
0 |
|
|a Spievajú: K. Gott, M. Gombitová, M. Žbirka, J. Kocianová, P. Hammel, M. Laiferová, V. Patejdl, J. Hečková, P. Nagy, K. Duchoň ; hudobné skupiny Modus, Elán,
|
| 518 |
|
|
|a Remastroval: Ján Červenka - Sound Service Slovakia, 2008
|
| 650 |
0 |
7 |
|a populárne piesne
|2 SNKPH
|9 3446
|
| 655 |
|
7 |
|a kompaktné platne
|2 SNKPH
|9 70690
|
| 700 |
1 |
|
|a Gott, Karel,
|d 1939-2019
|4 prf
|9 98862
|
| 700 |
1 |
|
|a Gombitová, Marika,
|d 1956-
|4 prf
|9 98860
|
| 700 |
1 |
|
|a Žbirka, Miroslav,
|d 1952-2021
|4 prf
|9 99952
|
| 700 |
1 |
|
|a Kocianová, Jana,
|d 1946-2018
|4 prf
|9 98850
|
| 700 |
1 |
|
|a Hammel, Pavol,
|d 1948-
|4 prf
|9 98858
|
| 700 |
1 |
|
|a Laiferová, Marcela,
|d 1945-
|4 prf
|9 100017
|
| 700 |
1 |
|
|a Patejdl, Vašo,
|d 1954-2023
|4 prf
|9 99941
|
| 700 |
1 |
|
|a Hečková, Júlia,
|d 1961-
|4 prf
|9 27128
|
| 700 |
1 |
|
|a Nagy, Peter,
|d 1959-
|4 prf
|9 98857
|
| 700 |
1 |
|
|a Duchoň, Karol,
|d 1950-1985
|4 prf
|9 98848
|
| 710 |
2 |
|
|a Modus (hudobná skupina)
|4 prf
|9 32288
|
| 710 |
2 |
|
|a Elán (hudobná skupina)
|4 prf
|9 34449
|
| 830 |
|
0 |
|a Gold
|9 312548
|
| 999 |
|
|
|c 915813
|d 917743
|
| 952 |
|
|
|a SNK
|b SNK
|y PREZ
|7 0
|p 17A0612216
|o snkSCD 2296
|i snk2009/3033
|8 0
|0 0
|1 0
|4 0
|d 2009-02-19
|l 0
|r 2026-02-24 07:58:39
|w 2026-02-24
|